| 000 | 00841nam0a22002771 4500 | ||
|---|---|---|---|
| 001 | 2569271 | ||
| 005 | 20251118181752.3 | ||
| 021 |
_aRU _b78-54254 |
||
| 035 | _a(NLR Aleph) 006453333 | ||
| 090 |
_a5761162 _c5761162 |
||
| 100 | _a20110316d1978 u y0rusy50 ca | ||
| 101 | 1 |
_arus _aspa _crus |
|
| 102 | _aRU | ||
| 105 | _ay z ||||| | ||
| 200 | 1 |
_aLa poblacion del mundo hoy _e(Procesos etnodemograficos) _fS. Bruk |
|
| 210 |
_aMoscú _cAcad. de ciencias de la URSS. Red. "Ciencias sociales contemporáneas" _d1978 |
||
| 215 |
_a136 с. _d21 |
||
| 225 | 1 |
_aProblemas del mundo contemporaneo _v45 |
|
| 686 |
_aС73(0),0 _2rubbk |
||
| 700 | 1 |
_aБрук _bС.И. _gСоломон Ильич |
|
| 801 | 0 |
_aRU _bNLR _gpsbo |
|
| 801 | 1 |
_aRU _bELAR _2rusmarc |
|
| 852 |
_aNLR _jDesideratum |
||
| 899 |
_aRuMoRGB _jXXVI 122/60 |
||
| 942 | _cBOOK | ||
| 980 | _aNB | ||